[Event "Titled Tuesday intern op 27th Aug Early"]
[Site "Chess.com INT"]
[Date "2024.08.27"]
[Round "3"]
[White "Pang, Qi"]
[Black "Lakshmi, Chidambaram"]
[Result "1-0"]
[WhiteElo "2155"]
[BlackElo "1957"]
[PlyCount "49"]
[EventDate "2024.08.27"]
[EventType "swiss (blitz)"]
[EventRounds "11"]
[EventCountry "USA"]
[SourceTitle "EXT 2025"]
[Source "ChessBase"]
[SourceDate "2024.10.14"]
[SourceVersion "1"]
[SourceVersionDate "2024.10.14"]
[SourceQuality "1"]

1. e4 c5 2. Nf3 Nc6 3. d3 e5 4. Nc3 Nge7 5. Be2 d5 6. exd5 Nxd5 7. Nxd5 Qxd5 8. 0-0 Be7 9. Re1 0-0 10. h3 Kh8 11. Bf1 f5 12. Bd2 Bf6 13. Qe2 Bd7 14. Rad1 Rae8 15. a3 Qf7 16. Be3 b6 17. c3 f4 18. Bc1 Qg6 19. Kh1 Bf5 20. Nh2 h5 21. Qf3 Bg5 22. b4 e4 23. dxe4 Bxe4 24. Rxe4 Rxe4 25. Bd3 1-0

[Event "Titled Tuesday intern op 06th Aug Early"]
[Site "Chess.com INT"]
[Date "2024.08.06"]
[Round "3"]
[White "Hernandez Fernandez, Ramon Alberto"]
[Black "Lakshmi, Chidambaram"]
[Result "1-0"]
[WhiteElo "2263"]
[BlackElo "1957"]
[PlyCount "71"]
[EventDate "2024.08.06"]
[EventType "swiss (blitz)"]
[EventRounds "11"]
[EventCountry "USA"]
[SourceTitle "EXT 2025"]
[Source "ChessBase"]
[SourceDate "2024.10.14"]
[SourceVersion "1"]
[SourceVersionDate "2024.10.14"]
[SourceQuality "1"]

1. e4 c5 2. Nf3 Nc6 3. d4 cxd4 4. Nxd4 Nf6 5. Nc3 e5 6. Ndb5 d6 7. Bg5 a6 8. Na3 b5 9. Nd5 Be7 10. Bxf6 Bxf6 11. c4 b4 12. Nc2 0-0 13. g3 Rb8 14. b3 Bg5 15. h4 Bh6 16. Bh3 Bxh3 17. Rxh3 Qc8 18. g4 Bf4 19. Rd3 Kh8 20. Qf3 f5 21. gxf5 g6 22. f6 Qe6 23. Ke2 Bh6 24. Rg1 Rb7 25. Qg4 Qf7 26. h5 gxh5 27. Qf5 a5 28. Rh1 a4 29. Rxh5 axb3 30. axb3 Bc1 31. Rdh3 h6 32. Rxh6+ Bxh6 33. Rxh6+ Kg8 34. Rg6+ Qxg6 35. Qxg6+ Kh8 36. Ne7 1-0

[Event "Titled Tuesday intern op 06th Aug Early"]
[Site "Chess.com INT"]
[Date "2024.08.06"]
[Round "5"]
[White "Lohani, Sujana"]
[Black "Lakshmi, Chidambaram"]
[Result "0-1"]
[WhiteElo "1806"]
[BlackElo "1957"]
[PlyCount "70"]
[EventDate "2024.08.06"]
[EventType "swiss (blitz)"]
[EventRounds "11"]
[EventCountry "USA"]
[SourceTitle "EXT 2025"]
[Source "ChessBase"]
[SourceDate "2024.10.14"]
[SourceVersion "1"]
[SourceVersionDate "2024.10.14"]
[SourceQuality "1"]

1. e4 c5 2. Nf3 Nc6 3. Bb5 g6 4. 0-0 Bg7 5. c3 e5 6. Bxc6 bxc6 7. d3 Ne7 8. Bg5 Ba6 9. Bxe7 Qxe7 10. Re1 Rb8 11. b3 Qd6 12. c4 0-0 13. Nc3 f5 14. Rc1 f4 15. Na4 Qe7 16. Qd2 d6 17. Nc3 g5 18. h3 h5 19. Nh2 Bc8 20. f3 Bh6 21. Rc2 Qg7 22. Qf2 Rf6 23. Kf1 Rg6 24. Ke2 g4 25. hxg4 hxg4 26. fxg4 Bxg4+ 27. Nxg4 Rxg4 28. Kd1 Rg3 29. Qe2 Re3 30. Qf1 Rg3 31. Rf2 Kf7 32. Kc2 Ke7 33. Qe2 Rg8 34. Rg1 Bg5 35. Qf1 Bh4 0-1

[Event "Titled Tuesday intern op 25th Jun Early"]
[Site "Chess.com INT"]
[Date "2024.06.25"]
[Round "4"]
[White "Lakshmi, Chidambaram"]
[Black "Saragih, Arif Rahman"]
[Result "1-0"]
[WhiteElo "1957"]
[BlackElo "2181"]
[PlyCount "77"]
[EventDate "2024.06.25"]
[EventType "swiss (blitz)"]
[EventRounds "11"]
[EventCountry "USA"]
[SourceTitle "EXT 2025"]
[Source "ChessBase"]
[SourceDate "2024.10.14"]
[SourceVersion "1"]
[SourceVersionDate "2024.10.14"]
[SourceQuality "1"]

1. f4 d5 2. Nf3 Nf6 3. g3 Bf5 4. Bg2 e6 5. b3 Nc6 6. Bb2 Bc5 7. e3 Nb4 8. Na3 Qe7 9. Ne5 0-0-0 10. g4 Nxg4 11. Nxg4 Qh4+ 12. Nf2 g5 13. Bxh8 gxf4 14. Bd4 fxe3 15. dxe3 Bxd4 16. Qxd4 Rg8 17. Qxh4 Rxg2 18. Kf1 Rg8 19. Qxb4 Bg6 20. Rg1 b6 21. Qc3 Kb7 22. Nb5 Rc8 23. Ke2 a6 24. Nd4 c6 25. Nf3 c5 26. Qe5 c4 27. Nd4 cxb3 28. axb3 Rc7 29. Nd3 Rd7 30. Nf4 Rc7 31. Nxg6 hxg6 32. Qf6 Rd7 33. Kd2 Rc7 34. Rgf1 Rd7 35. Qg5 Rc7 36. Rf6 Rd7 37. Raf1 Rd6 38. Rxf7+ Kc8 39. Qe7 1-0

[Event "Titled Tuesday intern op 09th Apr Early"]
[Site "Chess.com INT"]
[Date "2024.04.09"]
[Round "4"]
[White "Hnatyshyn, Anastasiya"]
[Black "Lakshmi, Chidambaram"]
[Result "1-0"]
[WhiteElo "2160"]
[BlackElo "1957"]
[PlyCount "49"]
[EventDate "2024.04.09"]
[EventType "swiss (blitz)"]
[EventRounds "11"]
[EventCountry "USA"]
[SourceTitle "EXT 2025"]
[Source "ChessBase"]
[SourceDate "2024.10.14"]
[SourceVersion "1"]
[SourceVersionDate "2024.10.14"]
[SourceQuality "1"]

1. Nc3 e5 2. Nf3 Nc6 3. d4 exd4 4. Nxd4 Nxd4 5. Qxd4 Nf6 6. Bg5 d6 7. 0-0-0 Be7 8. e4 Be6 9. f4 0-0 10. Be2 h6 11. Bh4 Nxe4 12. Bxe7 Nxc3 13. Qxc3 Qxe7 14. Bf3 Rab8 15. g4 f5 16. Rde1 Qf7 17. g5 hxg5 18. fxg5 f4 19. h4 Bd5 20. b3 Bxf3 21. Qxf3 Rbe8 22. h5 Qf5 23. g6 Qf6 24. Kb1 c6 25. Rhf1 1-0

[Event "Titled Tuesday intern op 21st Nov Early"]
[Site "Chess.com INT"]
[Date "2023.11.21"]
[Round "1"]
[White "Lakshmi, Chidambaram"]
[Black "Deng, Henry"]
[Result "0-1"]
[WhiteElo "1928"]
[BlackElo "2274"]
[PlyCount "82"]
[EventDate "2023.11.21"]
[EventType "swiss (blitz)"]
[EventRounds "11"]
[EventCountry "USA"]
[SourceTitle "EXT 2025"]
[Source "ChessBase"]
[SourceDate "2024.10.14"]
[SourceVersion "1"]
[SourceVersionDate "2024.10.14"]
[SourceQuality "1"]

1. e4 c5 2. Nf3 e6 3. d4 cxd4 4. Nxd4 Nf6 5. Nc3 Nc6 6. a3 Be7 7. Nxc6 bxc6 8. e5 Nd5 9. Nxd5 cxd5 10. Bd3 Ba6 11. 0-0 Bxd3 12. cxd3 0-0 13. Qg4 Kh8 14. Kh1 f6 15. d4 Rb8 16. b4 fxe5 17. dxe5 Qc7 18. Bb2 Qc2 19. Bd4 Rbc8 20. Bxa7 Rc4 21. Qd1 Qf5 22. Bd4 d6 23. Re1 dxe5 24. Bxe5 Rfc8 25. Bg3 Bf6 26. Rb1 d4 27. b5 e5 28. b6 h5 29. b7 Rb8 30. Rb5 Rc2 31. Bxe5 Qxf2 32. Rg1 Bxe5 33. Rxe5 g6 34. Rb5 Rc7 35. Qb1 Qf6 36. Rb6 Rc6 37. Rb5 Qd6 38. Rf1 d3 39. Rb3 d2 40. Rd1 Rc7 41. Qb2+ Kh7 0-1

[Event "Titled Tuesday intern op 10th Oct Early"]
[Site "Chess.com INT"]
[Date "2023.10.10"]
[Round "2"]
[White "Lakshmi, Chidambaram"]
[Black "Krstic, Milos M"]
[Result "1/2-1/2"]
[WhiteElo "1928"]
[BlackElo "2173"]
[PlyCount "70"]
[EventDate "2023.10.10"]
[EventType "swiss (blitz)"]
[EventRounds "11"]
[EventCountry "USA"]
[SourceTitle "EXT 2025"]
[Source "ChessBase"]
[SourceDate "2024.10.14"]
[SourceVersion "1"]
[SourceVersionDate "2024.10.14"]
[SourceQuality "1"]

1. f4 d6 2. Nf3 Nc6 3. e4 e5 4. d3 exf4 5. Bxf4 Nf6 6. Nc3 Be7 7. Be2 0-0 8. 0-0 Bg4 9. d4 d5 10. e5 Ne4 11. h3 Bh5 12. g4 Bg6 13. Nh2 Bg5 14. Nxe4 Bxe4 15. c3 Bxf4 16. Rxf4 Qh4 17. Qe1 Qxh3 18. Qf2 Qh6 19. Rf1 Qg6 20. Nf3 Bxf3 21. Qxf3 Ne7 22. Bd3 Qe6 23. Bf5 Nxf5 24. gxf5 Qh6 25. Rf2 g6 26. Rh2 Qg5+ 27. Rg4 Qc1+ 28. Kg2 Qxb2+ 29. Kg3 Qb1 30. Rgh4 Qc1 31. Rxh7 Qg5+ 32. Kf2 Qd2+ 33. Kg3 Qg5+ 34. Kf2 Qd2+ 35. Kg3 Qg5+ 1/2-1/2

[Event "Titled Tuesday intern op 29th Aug Early"]
[Site "Chess.com INT"]
[Date "2023.08.29"]
[Round "4"]
[White "Lakshmi, Chidambaram"]
[Black "Antonio, Jorge Carlos"]
[Result "0-1"]
[WhiteElo "1928"]
[BlackElo "2277"]
[PlyCount "62"]
[EventDate "2023.08.29"]
[EventType "swiss (blitz)"]
[EventRounds "11"]
[EventCountry "USA"]
[SourceTitle "EXT 2024"]
[Source "ChessBase"]
[SourceDate "2023.10.10"]
[SourceVersion "1"]
[SourceVersionDate "2023.10.10"]
[SourceQuality "1"]

1. f4 e5 2. fxe5 Nc6 3. Nf3 d6 4. exd6 Bxd6 5. e3 g5 6. g3 h5 7. Bg2 h4 8. gxh4 g4 9. Ng5 Rxh4 10. Ne4 Rxh2 11. Rxh2 Bxh2 12. Qe2 Qh4+ 13. Kd1 Bf5 14. d4 g3 15. Nbd2 0-0-0 16. b3 Bg4 17. Nf3 Qh5 18. Bb2 Ne5 19. Ned2 Nxf3 20. Nxf3 Nf6 21. c3 Ne4 22. Kc2 Ng5 23. Rf1 Re8 24. Kc1 Nxf3 25. Bxf3 Bxf3 26. Rxf3 Bg1 27. e4 Rg8 28. Qg2 Bh2 29. Kb1 Qxf3 30. Qxf3 g2 31. Qf5+ Kb8 0-1

[Event "Titled Tuesday intern op 15th Aug Early"]
[Site "Chess.com INT"]
[Date "2023.08.15"]
[Round "3"]
[White "Lakshmi, Chidambaram"]
[Black "Bogaudinov, Rushan"]
[Result "1-0"]
[WhiteElo "1928"]
[BlackElo "1853"]
[PlyCount "67"]
[EventDate "2023.08.15"]
[EventType "swiss (blitz)"]
[EventRounds "11"]
[EventCountry "USA"]
[SourceTitle "EXT 2024"]
[Source "ChessBase"]
[SourceDate "2023.10.10"]
[SourceVersion "1"]
[SourceVersionDate "2023.10.10"]
[SourceQuality "1"]

1. e4 a6 2. g3 b5 3. Bg2 Bb7 4. Ne2 h5 5. d4 h4 6. f4 h3 7. Bf3 d6 8. d5 c6 9. Be3 Nf6 10. Nbc3 b4 11. Na4 c5 12. b3 g6 13. c4 bxc3 14. Naxc3 Bg7 15. 0-0 0-0 16. a3 Nbd7 17. b4 Qc7 18. Rc1 Rfc8 19. Na4 e6 20. bxc5 exd5 21. exd5 dxc5 22. d6 Qb8 23. Rb1 Ra7 24. Nb6 Re8 25. Qd2 Qd8 26. Nxd7 Nxd7 27. Bxb7 Re6 28. Bf3 Qe8 29. Bf2 Bf8 30. Nc3 Rxd6 31. Qc2 Bg7 32. Rfe1 Qd8 33. Ne4 Rc6 34. Ng5 1-0

[Event "Titled Tuesday intern op 15th Aug Early"]
[Site "Chess.com INT"]
[Date "2023.08.15"]
[Round "2"]
[White "Lakshmi, Chidambaram"]
[Black "Miszler, Levente"]
[Result "0-1"]
[WhiteElo "1928"]
[BlackElo "2315"]
[PlyCount "48"]
[EventDate "2023.08.15"]
[EventType "swiss (blitz)"]
[EventRounds "11"]
[EventCountry "USA"]
[SourceTitle "EXT 2024"]
[Source "ChessBase"]
[SourceDate "2023.10.10"]
[SourceVersion "1"]
[SourceVersionDate "2023.10.10"]
[SourceQuality "1"]

1. e4 e6 2. d4 d5 3. Nc3 Bb4 4. e5 c5 5. a3 Bxc3+ 6. bxc3 Nc6 7. Qg4 Kf8 8. Nf3 h5 9. Qf4 Bd7 10. Bd3 Qa5 11. Bd2 Qa4 12. Ng5 Nh6 13. Nf3 c4 14. Be2 Qxc2 15. 0-0 Qf5 16. Qe3 Ng4 17. Qg5 Qxg5 18. Nxg5 Ke7 19. Rfb1 b6 20. h3 Nh6 21. Nf3 Na5 22. Ne1 Nb3 23. Be3 Nxa1 24. Rxa1 Nf5 0-1

[Event "Titled Tuesday intern op 11th Jul Early"]
[Site "Chess.com INT"]
[Date "2023.07.11"]
[Round "3"]
[White "Lakshmi, Chidambaram"]
[Black "Omariev, Maksim"]
[Result "0-1"]
[WhiteElo "1928"]
[BlackElo "2304"]
[PlyCount "36"]
[EventDate "2023.07.11"]
[EventType "swiss (blitz)"]
[EventRounds "11"]
[EventCountry "USA"]
[SourceTitle "EXT 2024"]
[Source "ChessBase"]
[SourceDate "2023.10.10"]
[SourceVersion "1"]
[SourceVersionDate "2023.10.10"]
[SourceQuality "1"]

1. g3 h5 2. Bg2 h4 3. e4 d6 4. f4 h3 5. Bf3 e5 6. d3 Nc6 7. Ne2 Nf6 8. f5 d5 9. 0-0 Bc5+ 10. Kh1 dxe4 11. dxe4 Qe7 12. Nbc3 Bd7 13. Bg5 0-0-0 14. Nd5 Qd6 15. c3 Ne7 16. Nb4 Bxb4 17. cxb4 Qxb4 18. Qc2 Ba4 0-1

[Event "Titled Tuesday intern op 13th Jun Early"]
[Site "Chess.com INT"]
[Date "2023.06.13"]
[Round "3"]
[White "Lakshmi, Chidambaram"]
[Black "Torres Hernandez, Leslie Carolin"]
[Result "0-1"]
[WhiteElo "1928"]
[BlackElo "1861"]
[PlyCount "62"]
[EventDate "2023.06.13"]
[EventType "swiss (blitz)"]
[EventRounds "11"]
[EventCountry "USA"]
[SourceTitle "EXT 2024"]
[Source "ChessBase"]
[SourceDate "2023.10.10"]
[SourceVersion "1"]
[SourceVersionDate "2023.10.10"]
[SourceQuality "1"]

1. e4 e6 2. Ne2 d5 3. exd5 exd5 4. d4 Bd6 5. g3 Ne7 6. Bg2 0-0 7. 0-0 c6 8. Bg5 h6 9. Bf4 Bf5 10. Nd2 Ng6 11. Bxd6 Qxd6 12. c4 dxc4 13. Nxc4 Qb4 14. Rc1 Nd7 15. a3 Qe7 16. Re1 Rfe8 17. Qb3 Nf6 18. Ne3 Be4 19. Bh3 Rad8 20. Nf5 Qc7 21. Nc3 Bd3 22. Rxe8+ Rxe8 23. Nd5 Nxd5 24. Qxd3 Ndf4 25. gxf4 Nxf4 26. Qf3 Ne2+ 27. Kh1 Nxc1 28. Qg4 g6 29. Nxh6+ Kh7 30. Qh4 Kg7 31. Ng4 Qf4 0-1

[Event "Titled Tuesday intern op 06th Jun Early"]
[Site "Chess.com INT"]
[Date "2023.06.06"]
[Round "5"]
[White "Goswami, Vedant"]
[Black "Lakshmi, Chidambaram"]
[Result "0-1"]
[WhiteElo "2034"]
[BlackElo "1928"]
[PlyCount "76"]
[EventDate "2023.06.06"]
[EventType "swiss (blitz)"]
[EventRounds "11"]
[EventCountry "USA"]
[SourceTitle "EXT 2024"]
[Source "ChessBase"]
[SourceDate "2023.10.10"]
[SourceVersion "1"]
[SourceVersionDate "2023.10.10"]
[SourceQuality "1"]

1. b3 e5 2. Bb2 Nc6 3. g3 d5 4. Bg2 g6 5. d3 Bg7 6. Nd2 Be6 7. e3 f5 8. Ne2 Nf6 9. a3 a5 10. c4 0-0 11. Qc2 Qd7 12. Nf3 e4 13. Nfd4 Ne5 14. dxe4 fxe4 15. Nf4 Nd3+ 16. Nxd3 exd3 17. Qxd3 dxc4 18. Qe2 cxb3 19. Nxe6 Qxe6 20. 0-0 c6 21. e4 a4 22. Qe3 Rad8 23. Rfd1 Ng4 24. Rxd8 Nxe3 25. Rxf8+ Kxf8 26. Bxg7+ Kxg7 27. fxe3 Qe5 28. Rd1 b2 29. Bf1 Qc5 30. Kf2 Qc1 31. Rd7+ Kh6 32. Bd3 b1Q 33. Bxb1 Qxb1 34. e5 Qb2+ 35. Kf3 Qxe5 36. e4 Qc3+ 37. Kf4 Qc1+ 38. Kf3 Qxa3+ 0-1